| 000 | 00578nam a22001817a 4500 | ||
|---|---|---|---|
| 005 | 20251108164208.0 | ||
| 008 | 250721s2000 xx 000 0 ara d | ||
| 082 | 1 | 4 | _a004.65/ملح |
| 100 | 1 | _aالملحم، حسام | |
| 245 | 1 | 0 |
_aشبكات الإنترنت : _bبنيتها الأساسية و انعكاساتها على المؤسسات / |
| 264 | 1 |
_aدمشق : _bالرضا للنشر، _c2000. |
|
| 300 | _a312ص | ||
| 650 | 1 | 7 | _aالحواسيب |
| 650 | 1 | 7 | _aشبكات الإتصالات |
| 700 | 1 | _aخيربك، عمار | |
| 942 |
_2ddc _cBK |
||
| 999 |
_c6081 _d6081 |
||